MARC

LEADER 00000nam0a2200000 4500
001 2666
005 20231030174044.0
010 |a 5879170039 
035 |a (RuTPU)RU\TPU\book\2679 
035 |a BOOK00002686 
090 |a 2666 
100 |a 20011209d1995 m y0rusy50 ca 
101 1 |a rus  |c eng 
102 |a RU 
105 |a y z 000ay 
200 1 |a Звездный прилив  |e роман: пер. с англ.  |f Д. Брин 
210 |a Москва  |c Александрия  |a Смоленск  |c Русич  |d 1995 
215 |a 557 с. 
225 1 |a Сокровищница боевой фантастики и приключений 
610 1 |a романы 
610 1 |a рассказы 
610 1 |a фантастика 
675 |a 82  |v 3 
700 1 |a Брин  |b Д.  |g Дэвид 
801 0 |a RU  |b 63413507  |c 20011209  |g PSBO 
801 2 |a RU  |b 63413507  |c 20161114  |g PSBO 
942 |c BK